000
00290nam a22001217a 4500
008
260423b |||||||| |||| 00| 0 eng d
082
_a
001270
100
_a
Penna, Madhusudhan
245
_a
Yoga Sara
260
_a
Delhi
_b
New Bharatiya Book Corporation
_c
2020
300
_a
56p
942
_2
ddc
999
_c
1276
_d
1276